Cities With The Most Billionaires - Statistics

General Stats
  • This quiz has been taken 61 times
  • The average score is 15 of 20
Answer Stats
Billionaires City % Correct
98 New York City
100%
74 London
93%
30 Tokyo
93%
110 Beijing
91%
72 Moscow
91%
36 Paris
88%
83 Shanghai
88%
76 Hong Kong
86%
50 Mumbai
79%
35 Singapore
79%
41 San Francisco
77%
33 Seoul
77%
30 Delhi
74%
29 Istanbul
68%
45 Guangzhou
67%
56 Bangkok
65%
40 Sao Paulo
61%
36 Taipei
47%
75 Shenzhen
39%
42 Hangzhou
12%
No matching quizzes found
Score Distribution
Percent of People with Each Score
Percentile by Number Answered
Your Score History
You have not taken this quiz